Базовые категории и конкретные схемы построения логической структуры становления эмпирических наук; Актуальные проблемы гуманитарных наук

Podrobná bibliografie
Parent link:Актуальные проблемы гуманитарных наук.— 2010.— С. 470-473
Hlavní autor: Рачковкий В. П.
Jazyk:ruština
Vydáno: 2010
Témata:
Médium: MixedMaterials Kapitola
KOHA link:https://koha.lib.tpu.ru/cgi-bin/koha/opac-detail.pl?biblionumber=193865

MARC

LEADER 00000naa2a2200000 4500
001 193865
005 20231031182100.0
035 |a (RuTPU)RU\TPU\book\211414 
090 |a 193865 
100 |a 20110330d2010 k y0rusy50 ca 
101 0 |a rus 
102 |a RU 
200 1 |a Базовые категории и конкретные схемы построения логической структуры становления эмпирических наук  |f В. П. Рачковкий 
320 |a Библиогр.: 13 назв. 
463 0 |0 (RuTPU)RU\TPU\book\205127  |y 978-5-98298-643-6  |t Актуальные проблемы гуманитарных наук  |o сборник трудов IX Международной научно-практической конференции студентов, аспирантов и молодых ученых, 22-23 апреля 2010 г., Томск  |f Национальный исследовательский Томский политехнический университет (ТПУ)  |v С. 470-473  |d 2010  |p 564 с. 
610 1 |a наука 
610 1 |a эмпирические науки 
610 1 |a логические структуры 
610 1 |a построение 
610 1 |a схемы 
610 1 |a эмпирическое 
610 1 |a категории 
610 1 |a труды учёных ТПУ 
700 1 |a Рачковкий  |b В. П. 
801 1 |a RU  |b 63413507  |c 20110330 
942 |c BK